000 00688nam a2200229 a 4500
001 000044388
003 DO-SdBNP
005 20161208100218.0
007 000044388
008 140626s1990 dr a 000 0 spa d
040 _aBPMET
_bspa
_cBPMET
092 _axxxx
_bxxxx
100 1 _aDesena, Noris
245 1 0 _aMi compañero ideal /
_cNoris Decena ; ilustración y supervisión técnica Cristian Hernández.
260 _aSanto Domingo :
_bCalorsa Editorial,
_c1990.
300 _a11 P. :
_bil. ;
_c28 cm.
490 1 _aColoreando aprendo
700 1 2 _aHernández, Cristian
_eil.
830 0 _aColoreando aprendo
942 _2ddc
_cBK
956 _aVMATEO
_b10
_c20150903
_lBPMSU
_h00151
999 _c7488
_d7488